000 00983nam0a22002411 4500
001 rc\572026
005 20031121162609.4
035 _a(NLR Aleph) 005820524
090 _a5474675
_c5474675
100 _a20031121d1988 u |0rusy50 ca
101 0 _arus
102 _aRU
105 _ay |||||||||
200 1 _aРазвитие торговли в новых условиях хозяйствования
_eСб. науч. тр.
_fУкр. НИИ торговли и обществ. питания
_g[Редкол.: Пазуха Н.Д. (отв. ред.) и др.]
210 _aКиев
_cУкрНИИТОП
_d1988 (1989)
215 _a167, [2] с.
_d20
702 1 _aПазуха
_bН. Д.
_gНиколай Дмитриевич
_4340
712 0 2 _aУкраинский НИИ торговли и общественного питания
_cКиев
_3RU\NLR\AUTH\889963668
801 0 _aRU
_bNLR
_gpsbo
801 1 _aRU
_bELAR
_2rusmarc
852 _aNLR
_j89-3/9177
942 _cBOOK
980 _aNB